Delta Lyrics (Mumford and Sons) - Statistics

General Stats
  • This quiz has been taken 12 times
  • The average score is 282 of 312
Answer Stats
Answer % Correct
a
100%
And
100%
and
100%
at
100%
be
100%
beyond
100%
can
100%
clearly
100%
delta
100%
I
100%
I'll
100%
in
100%
into
100%
me
100%
meet
100%
My
100%
my
100%
place
100%
river
100%
runs
100%
sea
100%
see
100%
that
100%
That
100%
That's
100%
that's
100%
the
100%
to
100%
us
100%
we
100%
what
100%
What's
100%
When
100%
Where
100%
will
100%
Will
100%
you
100%
your
100%
all
86%
am
86%
are
86%
arms
86%
around
86%
behind
86%
But
86%
came
86%
come
86%
Do
86%
do
86%
does
86%
Does
86%
Don't
86%
else
86%
empty
86%
eyes
86%
feel
86%
feels
86%
find
86%
for
86%
from
86%
go
86%
good
86%
have
86%
here
86%
hide
86%
how
86%
if
86%
it
86%
its
86%
it's
86%
just
86%
lie
86%
like
86%
love
86%
make
86%
matters
86%
means
86%
not
86%
nothing
86%
other
86%
prefer
86%
put
86%
scream
86%
shadows
86%
sit
86%
stories
86%
take
86%
Tell
86%
tell
86%
think
86%
this
86%
walk
86%
way
86%
we'll
86%
with
86%
words
86%
as
71%
children
71%
dust
71%
upon
71%
floor
57%
nothingness
57%
of
57%
pain
57%
vessels
57%
cup
43%
offered
43%
Or
43%
waste
43%
weep
29%
No matching quizzes found
Score Distribution
Percent of People with Each Score
Percentile by Number Answered
Your Score History
You have not taken this quiz